| 000 | 01203ngm a22003490a 4500 | ||
|---|---|---|---|
| 001 | PT16521 | ||
| 003 | AR-LpoUNG | ||
| 005 | 20210202000206.0 | ||
| 007 | vd cvaizq | ||
| 008 | 191001s2001||||ag |||||||||||||||||spa d | ||
| 037 | _c$8.30 | ||
| 040 |
_aAR-LpoUNG _bspa _cAR-LpoUNG _eaacr |
||
| 041 | _aspa | ||
| 044 | _aag | ||
| 082 | 0 | _a909 532v29 | |
| 245 | 1 | 3 |
_aEl poder militar de Roma : _bla legión romana |
| 260 |
_aBuenos Aires : _bKalender Video Argentina, _c2001. |
||
| 300 | _aVHS (56 min.) : son., byn, col. | ||
| 520 | _a<p>La historia de Occidente desde Roma en adelante, posiblemente sea la historioa de la guerra de los pueblos de Europa y el resto del mundo. Ese formidable poderío se ciemntaba en la Legión, una industrios, eficiente e implacable máquina de guerra capáz de recorrer miles de millas.</p> | ||
| 650 | 4 | _aCONFLICTOS | |
| 650 | 4 | _aDESASTRES CAUSADOS POR EL HOMBRE | |
| 650 | 4 | _aEJERCITO | |
| 650 | 4 | _aINGLATERRA | |
| 650 | 4 | _aITALIA | |
| 650 | 4 | _aPOLITICA | |
| 650 | 4 | _aSOCIEDAD | |
| 653 | _aVIDEOS | ||
| 653 | _aVIDEOS DIDACTICOS | ||
| 710 | 2 | _aMetropolitan Museum of Art (New York) | |
| 905 | _a16521 | ||
| 942 | _cVIDEO | ||
| 999 |
_c54311 _d54311 |
||